Preliminary design of a cable-towed oceanographic instrumentation system : prepared under contract NOnr 3201(00) sponsored by the Office of Naval Research /

Bibliographic Details
Main Author: Ellsworth, W. M.
Corporate Authors: Pneumodynamics Corporation. Systems Engineering Division, United States. Office of Naval Research
Other Authors: Gay, S. M.
Format: Book
Language:English
Published: Bethesda, Md. : Pneumodynamics Corporation, Systems Engineering Division, [1961]
Subjects:

MARC

Tag First Indicator Second Indicator Subfields
LEADER 00000cam a2200000I 4500
001 in00001839613
005 20151026095758.0
008 751203s1961 mdua 000 0 eng d
035 |a (OCoLC)ocm01871942 
040 |a FQG  |c FQG  |d OCL  |d OCLCQ  |d TXA  |d UtOrBLW 
049 |a TXAM 
090 |a GC41  |b .E447 1961 
100 1 |a Ellsworth, W. M. 
245 1 0 |a Preliminary design of a cable-towed oceanographic instrumentation system :  |b prepared under contract NOnr 3201(00) sponsored by the Office of Naval Research /  |c Prepared by W.M. Ellsworth [and] S.M. Gay. 
264 1 |a Bethesda, Md. :  |b Pneumodynamics Corporation, Systems Engineering Division,  |c [1961] 
300 |a 94 pages :  |b illustrations ;  |c 28 cm. 
336 |a text  |b txt  |2 rdacontent 
337 |a unmediated  |b n  |2 rdamedia 
338 |a volume  |b nc  |2 rdacarrier 
500 |a "TN-SEDU-6634-2." 
500 |a Prepared under Contract NOnr 3201(00), sponsored by the Office of Naval Research. 
500 |a "February 1961." 
650 0 |a Cables. 
650 0 |a Oceanographic instruments. 
700 1 |a Gay, S. M. 
710 2 |a Pneumodynamics Corporation.  |b Systems Engineering Division. 
710 1 |a United States.  |b Office of Naval Research. 
948 |a cataloged  |b h  |c 2004/8/19  |d c  |e jgreene  |f 2:49:08 pm 
994 |a E0  |b TXA 
999 |a MARS 
999 f f |s 1318c9c2-6265-3544-9937-728e34a15758  |i a0709a6b-d4fd-3986-a839-dab9676c8139  |t 0 
952 f f |p ric  |a Texas A&M University  |b Rellis Campus  |c Joint Library Facility  |d Remote Storage  |t 0  |e GC41 .E447 1961  |h Library of Congress classification  |i unmediated -- volume  |m A14831307547 
998 f f |a GC41 .E447 1961  |t 0  |l Remote Storage